[Event "PMPJ 2022 - C15"]
[Site "Jastrzebia Gora"]
[Date "2022.11.12"]
[Round "3.18"]
[White "Mazurek, Filip"]
[Black "Wilgosz, Szczepan"]
[Result "1/2-1/2"]
[BlackElo "1618"]
[WhiteElo "1269"]
[LiveChessVersion "1.4.4"]

1. e4 {[%clk 1:30:58]} c5 {[%clk 1:30:48]} 2. Nf3 {[%clk 1:31:21]} d6
{[%clk 1:30:59]} 3. d4 {[%clk 1:31:44]} cxd4 {[%clk 1:31:23]} 4. Nxd4
{[%clk 1:32:07]} Nf6 {[%clk 1:31:40]} 5. Nc3 {[%clk 1:32:29]} a6 {[%clk 1:32:02]}
6. Be3 {[%clk 1:32:52]} e5 {[%clk 1:32:14]} 7. Nb3 {[%clk 1:33:15]} Be6
{[%clk 1:32:03]} 8. f3 {[%clk 1:33:29]} Be7 {[%clk 1:32:22]} 9. Qd2
{[%clk 1:33:46]} h5 {[%clk 1:32:15]} 10. O-O-O {[%clk 1:33:51]} Nbd7
{[%clk 1:32:18]} 11. Be2 {[%clk 1:33:37]} Rc8 {[%clk 1:29:38]} 12. Kb1
{[%clk 1:33:58]} b5 {[%clk 1:25:57]} 13. h3 {[%clk 1:33:33]} Nb6 {[%clk 1:17:06]}
14. Bxb6 {[%clk 1:33:39]} Qxb6 {[%clk 1:17:06]} 15. g4 {[%clk 1:31:14]} h4
{[%clk 1:14:48]} 16. f4 {[%clk 1:29:49]} b4 {[%clk 1:06:00]} 17. Nd5
{[%clk 1:27:23]} Bxd5 {[%clk 1:04:51]} 18. exd5 {[%clk 1:27:44]} Ne4
{[%clk 1:05:02]} 19. Qd3 {[%clk 1:27:35]} Nf2 {[%clk 1:04:08]} 20. Qxa6
{[%clk 1:27:53]} Qxa6 {[%clk 0:51:29]} 21. Bxa6 {[%clk 1:28:11]} Rd8
{[%clk 0:51:00]} 22. Bb5+ {[%clk 1:27:55]} Kf8 {[%clk 0:51:21]} 23. Rhf1
{[%clk 1:26:05]} Nxd1 {[%clk 0:51:38]} 24. Rxd1 {[%clk 1:26:26]} exf4
{[%clk 0:51:36]} 25. Rf1 {[%clk 1:25:09]} Bg5 {[%clk 0:50:33]} 26. Nd4
{[%clk 1:25:01]} Rb8 {[%clk 0:48:11]} 27. Bc6 {[%clk 1:25:11]} Bf6
{[%clk 0:48:09]} 28. Rxf4 {[%clk 1:23:51]} Be5 {[%clk 0:45:31]} 29. Re4
{[%clk 1:23:45]} g6 {[%clk 0:45:02]} 30. Kc1 {[%clk 1:20:51]} Kg7
{[%clk 0:43:50]} 31. Nb5 {[%clk 1:21:07]} Rhf8 {[%clk 0:40:53]} 32. Rxb4
{[%clk 1:20:44]} Bg3 {[%clk 0:35:56]} 33. g5 {[%clk 1:17:28]} f6 {[%clk 0:32:19]}
34. gxf6+ {[%clk 1:16:01]} Rxf6 {[%clk 0:31:21]} 35. Re4 {[%clk 1:15:52]} Rbf8
{[%clk 0:21:33]} 36. a4 {[%clk 1:12:08]} Rf1+ {[%clk 0:19:38]} 37. Kd2
{[%clk 1:12:27]} R1f2+ {[%clk 0:14:40]} 38. Re2 {[%clk 1:12:30]} R2f3
{[%clk 0:02:41]} 39. Nd4 {[%clk 1:04:24]} Bf4+ {[%clk 0:02:57]} 40. Kd1
{[%clk 1:04:46]} Rf1+ {[%clk 0:03:09]} 41. Re1 {[%clk 1:05:08]} Rxe1+
{[%clk 0:03:06]} 42. Kxe1 {[%clk 1:05:29]} Bg3+ {[%clk 0:03:11]} 43. Ke2
{[%clk 1:04:19]} Rf2+ {[%clk 0:02:23]} 44. Kd3 {[%clk 1:04:29]} Rf1
{[%clk 0:00:58]} 45. c3 {[%clk 1:01:41]} Ra1 {[%clk 0:00:55]} 46. b3
{[%clk 1:00:56]} g5 {[%clk 0:00:40]} 47. Bd7 {[%clk 1:01:13]} Ra3
{[%clk 0:00:33]} 48. Kc4 {[%clk 0:58:14]} Kf6 {[%clk 0:00:42]} 49. Bc8
{[%clk 0:55:13]} Ke7 {[%clk 0:00:38]} 50. Nc6+ {[%clk 0:54:25]} Ke8
{[%clk 0:00:50]} 51. a5 {[%clk 0:53:55]} Bf2 {[%clk 0:00:58]} 52. Bg4
{[%clk 0:51:58]} Ra1 {[%clk 0:00:59]} 53. Kb4 {[%clk 0:49:00]} Rg1
{[%clk 0:00:38]} 54. Bf5 {[%clk 0:48:36]} g4 {[%clk 0:00:42]} 55. hxg4
{[%clk 0:48:25]} h3 {[%clk 0:00:55]} 56. Kb5 {[%clk 0:48:03]} h2 {[%clk 0:00:41]}
57. Be4 {[%clk 0:48:17]} h1=Q {[%clk 0:00:33]} 58. Bxh1 {[%clk 0:48:31]} Rxh1
{[%clk 0:01:01]} 59. b4 {[%clk 0:48:00]} Kd7 {[%clk 0:00:48]} 60. a6
{[%clk 0:47:48]} Kc7 {[%clk 0:00:58]} 61. c4 {[%clk 0:46:47]} Rb1
{[%clk 0:00:33]} 62. Ka4 {[%clk 0:45:29]} Bb6 {[%clk 0:00:32]} 63. Ne7
{[%clk 0:43:18]} Ba7 {[%clk 0:00:37]} 64. g5 {[%clk 0:42:04]} Kb6
{[%clk 0:00:32]} 65. Nc8+ {[%clk 0:39:48]} Kxa6 {[%clk 0:00:54]} 66. Nxd6
{[%clk 0:40:02]} Ra1+ {[%clk 0:01:13]} 67. Kb3 {[%clk 0:40:15]} Bb8
{[%clk 0:00:36]} 68. Ne4 {[%clk 0:39:44]} Be5 {[%clk 0:00:36]} 69. Nc5+
{[%clk 0:39:17]} Ka7 {[%clk 0:00:42]} 70. Nd3 {[%clk 0:39:05]} Bd4
{[%clk 0:00:51]} 71. c5 {[%clk 0:38:50]} Kb7 {[%clk 0:00:35]} 72. Kc4
{[%clk 0:38:51]} Be3 {[%clk 0:00:51]} 73. g6 {[%clk 0:38:22]} Rg1
{[%clk 0:01:00]} 74. d6 {[%clk 0:36:26]} Rxg6 {[%clk 0:00:52]} 75. c6+
{[%clk 0:36:47]} Kb6 {[%clk 0:00:50]} 76. c7 {[%clk 0:36:18]} Kb7
{[%clk 0:00:46]} 77. Kd5 {[%clk 0:34:48]} Bb6 {[%clk 0:00:53]} 78. Ne5
{[%clk 0:34:01]} Rg1 {[%clk 0:00:40]} 79. Ke6 {[%clk 0:33:18]} Re1
{[%clk 0:00:46]} 80. Kd7 {[%clk 0:33:02]} Rc1 {[%clk 0:00:41]} 81. b5
{[%clk 0:32:34]} Bxc7 {[%clk 0:00:51]} 82. dxc7 {[%clk 0:32:57]} Rxc7+
{[%clk 0:01:12]} 83. Kd6 {[%clk 0:33:15]} Rh7 {[%clk 0:00:59]} 84. Nc4
{[%clk 0:32:54]} Rh5 {[%clk 0:00:39]} 85. b6 {[%clk 0:32:56]} Rb5
{[%clk 0:00:57]} 86. Ke6 {[%clk 0:32:34]} Rc5 {[%clk 0:01:16]} 87. Ne5
{[%clk 0:32:40]} Rc1 {[%clk 0:01:06]} 88. Nd7 {[%clk 0:32:36]} Kc6
{[%clk 0:01:29]} 89. Ne5+ {[%clk 0:32:40]} Kxb6 {[%clk 0:01:51]} 90. Nd7+
{[%clk 0:32:49]} Kc7 {[%clk 0:01:14]} 91. Ne5 {[%clk 0:32:56]} Rd1
{[%clk 0:01:36]} 92. Nc4 {[%clk 0:32:30]} Rd8 {[%clk 0:01:02]} 93. Ne5
{[%clk 0:32:04]} Rd6+ {[%clk 0:00:47]} 94. Kf5 {[%clk 0:31:55]} Ra6
{[%clk 0:01:09]} 95. Ke4 {[%clk 0:31:40]} Kd6 {[%clk 0:00:46]} 96. Nc4+
{[%clk 0:31:17]} Kc5 {[%clk 0:01:02]} 97. Ne5 {[%clk 0:30:42]} Ra4+
{[%clk 0:01:18]} 98. Kf5 {[%clk 0:30:52]} Kd5 {[%clk 0:01:41]} 99. Nf3
{[%clk 0:29:42]} Re4 {[%clk 0:01:04]} 100. Ng5 {[%clk 0:28:55]} Re1
{[%clk 0:01:05]} 101. Kf4 {[%clk 0:28:32]} Re8 {[%clk 0:00:41]} 102. Nf3
{[%clk 0:28:28]} Kd6 {[%clk 0:00:51]} 103. Ng5 {[%clk 0:27:42]} Kd5
{[%clk 0:00:57]} 104. Nf3 {[%clk 0:27:53]} Re7 {[%clk 0:01:25]} 105. Ng5
{[%clk 0:27:33]} Re1 {[%clk 0:01:52]} 106. Nf3 {[%clk 0:27:44]} Re4+
{[%clk 0:01:49]} 107. Kf5 {[%clk 0:27:38]} Re3 {[%clk 0:02:09]} 108. Kf4
{[%clk 0:27:41]} Re4+ {[%clk 0:02:26]} 109. Kf5 {[%clk 0:27:59]} Ra4
{[%clk 0:02:53]} 110. Ng5 {[%clk 0:27:51]} Ra1 {[%clk 0:03:00]} 111. Kf4
{[%clk 0:27:51]} Rf1+ {[%clk 0:02:48]} 112. Nf3 {[%clk 0:27:49]} Ra1
{[%clk 0:02:39]} 113. Ng5 {[%clk 0:27:01]} Ra8 {[%clk 0:02:59]} 114. Nf3
{[%clk 0:26:27]} Rf8+ {[%clk 0:02:41]} 115. Ke3 {[%clk 0:26:36]} Rf5
{[%clk 0:02:43]} 116. Nd2 {[%clk 0:26:21]} Re5+ {[%clk 0:03:05]} 117. Kf4
{[%clk 0:26:12]} Re2 {[%clk 0:03:19]} 118. Nf3 {[%clk 0:26:20]} Rf2
{[%clk 0:03:39]} 119. Ke3 {[%clk 0:26:22]} Rf1 {[%clk 0:03:59]} 120. Kf4
{[%clk 0:26:33]} 1/2-1/2

[Event "PMPJ 2022 - C15"]
[Site "Jastrzebia Gora"]
[Date "2022.11.12"]
[Round "3.19"]
[White "Sniadecki, Oskar"]
[Black "Pozoga, Adam"]
[Result "1-0"]
[BlackElo "1229"]
[WhiteElo "1615"]
[LiveChessVersion "1.4.4"]

1. d4 {[%clk 1:30:56]} Nf6 {[%clk 1:30:54]} 2. Nf3 {[%clk 1:31:22]} g6
{[%clk 1:30:31]} 3. c4 {[%clk 1:31:46]} Bg7 {[%clk 1:30:38]} 4. Nc3
{[%clk 1:32:04]} O-O {[%clk 1:30:41]} 5. Bg5 {[%clk 1:31:20]} d6 {[%clk 1:28:29]}
6. e3 {[%clk 1:31:44]} c5 {[%clk 1:25:48]} 7. Be2 {[%clk 1:30:53]} Bf5
{[%clk 1:24:18]} 8. O-O {[%clk 1:26:46]} h6 {[%clk 1:18:40]} 9. Bh4
{[%clk 1:26:31]} g5 {[%clk 1:18:47]} 10. Bg3 {[%clk 1:26:55]} Nh5
{[%clk 1:18:34]} 11. Qb3 {[%clk 1:26:00]} Nxg3 {[%clk 1:11:59]} 12. hxg3
{[%clk 1:26:21]} b6 {[%clk 1:07:56]} 13. Rad1 {[%clk 1:23:01]} Nc6
{[%clk 1:04:02]} 14. Rfe1 {[%clk 1:09:10]} Rc8 {[%clk 0:57:40]} 15. a3
{[%clk 1:03:17]} Na5 {[%clk 0:49:23]} 16. Qa4 {[%clk 1:00:39]} Bd7
{[%clk 0:46:36]} 17. Qc2 {[%clk 1:00:45]} cxd4 {[%clk 0:46:05]} 18. exd4
{[%clk 1:01:05]} Nxc4 {[%clk 0:38:16]} 19. Bxc4 {[%clk 1:00:43]} Rxc4
{[%clk 0:38:38]} 20. Qe2 {[%clk 1:01:11]} Rc7 {[%clk 0:36:05]} 21. Nd5
{[%clk 0:53:56]} Rb7 {[%clk 0:34:46]} 22. Nxe7+ {[%clk 0:53:57]} Kh8
{[%clk 0:35:06]} 23. Nxg5 {[%clk 0:41:33]} Ba4 {[%clk 0:12:00]} 24. Qe4
{[%clk 0:36:46]} hxg5 {[%clk 0:12:11]} 25. Qxb7 {[%clk 0:37:10]} Bxd1
{[%clk 0:11:20]} 26. Rxd1 {[%clk 0:37:30]} Re8 {[%clk 0:11:22]} 27. Nf5
{[%clk 0:37:44]} Qf6 {[%clk 0:10:22]} 28. g4 {[%clk 0:38:08]} Re2
{[%clk 0:09:32]} 29. Rc1 {[%clk 0:36:36]} Rxb2 {[%clk 0:07:38]} 30. Rc8+
{[%clk 0:36:46]} Kh7 {[%clk 0:08:00]} 31. Qf3 {[%clk 0:36:51]} Qe6
{[%clk 0:06:45]} 32. Qh3+ {[%clk 0:36:15]} Kg6 {[%clk 0:06:58]} 33. Rg8 Qe1+
{[%clk 0:04:46]} 34. Kh2 {[%clk 0:36:42]} Kf6 {[%clk 0:05:12]} 35. Rxg7
{[%clk 0:36:57]} Ke6 {[%clk 0:05:26]} 36. Qh6+ {[%clk 0:37:13]} Kd5
{[%clk 0:05:39]} 37. Ne3+ {[%clk 0:37:10]} Kc6 {[%clk 0:05:49]} 38. Qxg5
{[%clk 0:37:16]} Qxf2 {[%clk 0:05:42]} 39. Qd5+ {[%clk 0:37:43]} Kc7
{[%clk 0:05:49]} 40. Rxf7+ {[%clk 0:38:08]} Kd8 {[%clk 0:06:13]} 41. Qxd6+
{[%clk 0:38:32]} Kc8 {[%clk 0:06:38]} 42. Qc7# {[%clk 0:38:56]} 1-0

[Event "PMPJ 2022 - C15"]
[Site "Jastrzebia Gora"]
[Date "2022.11.12"]
[Round "3.20"]
[White "Klyus, Ivan"]
[Black "Chmura, Eryk"]
[Result "0-1"]
[BlackElo "1614"]
[WhiteElo "1196"]
[LiveChessVersion "1.4.4"]

1. e4 {[%clk 1:30:57]} c5 {[%clk 1:30:55]} 2. Nf3 {[%clk 1:31:13]} Nc6
{[%clk 1:31:19]} 3. d4 {[%clk 1:31:26]} cxd4 {[%clk 1:31:43]} 4. Nxd4
{[%clk 1:31:48]} g6 {[%clk 1:32:06]} 5. c4 {[%clk 1:31:47]} Nf6 {[%clk 1:32:16]}
6. Nc3 {[%clk 1:31:07]} d6 {[%clk 1:32:39]} 7. Be2 {[%clk 1:30:01]} Nxd4
{[%clk 1:33:01]} 8. Qxd4 {[%clk 1:28:35]} Bg7 {[%clk 1:33:29]} 9. Be3
{[%clk 1:17:35]} O-O {[%clk 1:33:43]} 10. Qd2 {[%clk 1:12:02]} Be6
{[%clk 1:33:53]} 11. Bd4 {[%clk 1:06:10]} Qa5 {[%clk 1:31:51]} 12. b4
{[%clk 0:49:48]} Qxb4 {[%clk 1:22:07]} 13. Rb1 {[%clk 0:49:43]} Qa5
{[%clk 1:22:22]} 14. Rxb7 {[%clk 0:31:23]} Nxe4 {[%clk 1:20:32]} 15. Nxe4
{[%clk 0:30:52]} Qxd2+ {[%clk 1:20:54]} 16. Nxd2 {[%clk 0:28:32]} Bxd4
{[%clk 1:21:14]} 17. Rxe7 {[%clk 0:28:20]} Bc3 {[%clk 1:18:53]} 18. Kd1
{[%clk 0:21:19]} d5 {[%clk 1:15:30]} 19. Kc2 {[%clk 0:05:40]} Bd4
{[%clk 1:04:11]} 20. Rf1 {[%clk 0:01:17]} Rac8 {[%clk 1:00:42]} 21. Nb3
{[%clk 0:00:59]} Bf6 {[%clk 0:58:35]} 22. Rxa7 {[%clk 0:01:09]} dxc4
{[%clk 0:57:56]} 23. Nd2 {[%clk 0:00:51]} Bf5+ {[%clk 0:57:05]} 24. Kc1
{[%clk 0:00:57]} c3 25. Nc4 {[%clk 0:00:47]} Rb8 {[%clk 0:55:39]} 26. Na3
{[%clk 0:00:46]} Rb4 {[%clk 0:46:38]} 27. Rc7 {[%clk 0:00:44]} Bg5+
{[%clk 0:46:25]} 28. Kd1 {[%clk 0:00:44]} Rd8+ {[%clk 0:46:33]} 29. Ke1
{[%clk 0:00:49]} Bd2+ {[%clk 0:46:56]} 30. Rh1 {[%clk 0:00:47]} 0-1

[Event "PMPJ 2022 - C15"]
[Site "Jastrzebia Gora"]
[Date "2022.11.12"]
[Round "3.21"]
[White "Miler, Franciszek"]
[Black "Matysik, Mateusz"]
[Result "1-0"]
[BlackElo "1095"]
[WhiteElo "1608"]
[LiveChessVersion "1.4.4"]

1. e4 {[%clk 1:30:58]} c5 {[%clk 1:30:59]} 2. Nf3 {[%clk 1:31:21]} Nc6
{[%clk 1:31:21]} 3. d4 {[%clk 1:31:47]} cxd4 {[%clk 1:31:44]} 4. Nxd4
{[%clk 1:32:14]} Nf6 {[%clk 1:32:07]} 5. Nc3 {[%clk 1:32:39]} e5 {[%clk 1:32:28]}
6. Ndb5 {[%clk 1:33:05]} d6 {[%clk 1:32:50]} 7. Bg5 {[%clk 1:33:16]} a6
{[%clk 1:33:13]} 8. Na3 {[%clk 1:33:40]} b5 {[%clk 1:33:39]} 9. Bxf6
{[%clk 1:32:30]} gxf6 {[%clk 1:33:18]} 10. Nd5 {[%clk 1:32:52]} f5
{[%clk 1:32:50]} 11. Bd3 {[%clk 1:29:41]} Be6 {[%clk 1:22:42]} 12. O-O
{[%clk 1:26:00]} f4 {[%clk 1:14:56]} 13. c4 {[%clk 1:24:56]} b4 {[%clk 1:13:25]}
14. Nc2 {[%clk 1:25:15]} Rb8 {[%clk 1:10:34]} 15. f3 {[%clk 1:23:37]} h5
{[%clk 1:07:09]} 16. Qd2 {[%clk 1:21:49]} h4 {[%clk 1:05:03]} 17. Kh1
{[%clk 1:22:11]} a5 {[%clk 1:02:02]} 18. b3 {[%clk 1:21:29]} Bxd5
{[%clk 0:54:38]} 19. cxd5 {[%clk 1:21:31]} Ne7 {[%clk 0:53:05]} 20. a3
{[%clk 1:21:37]} h3 {[%clk 0:49:52]} 21. gxh3 {[%clk 1:21:36]} bxa3
{[%clk 0:48:27]} 22. Nxa3 {[%clk 1:20:40]} Ng6 {[%clk 0:48:01]} 23. Nb5
{[%clk 1:18:16]} Ra8 {[%clk 0:33:11]} 24. Rfc1 {[%clk 1:17:20]} Ke7
{[%clk 0:31:38]} 25. Rc7+ {[%clk 1:15:18]} Kf6 {[%clk 0:32:07]} 26. Rxa5
{[%clk 1:15:25]} Rxh3 {[%clk 0:30:52]} 27. Be2 {[%clk 1:13:34]} Kg7
{[%clk 0:25:15]} 28. b4 {[%clk 1:10:14]} Qh4 {[%clk 0:25:05]} 29. Bd1
{[%clk 1:10:35]} Rxa5 {[%clk 0:20:15]} 30. bxa5 {[%clk 1:10:57]} Rxh2+
{[%clk 0:20:20]} 31. Qxh2 {[%clk 1:11:16]} Qe1+ {[%clk 0:20:48]} 32. Qg1
{[%clk 1:11:33]} Qh4+ {[%clk 0:21:14]} 33. Kg2 {[%clk 1:11:47]} Qg3+
{[%clk 0:19:21]} 34. Kf1 {[%clk 1:12:09]} Qh3+ {[%clk 0:19:42]} 35. Qg2
{[%clk 1:12:34]} Qxg2+ {[%clk 0:19:42]} 1-0

[Event "PMPJ 2022 - C15"]
[Site "Jastrzebia Gora"]
[Date "2022.11.12"]
[Round "3.24"]
[White "Leszczewicz, Karol"]
[Black "Palasz, Jakub"]
[Result "0-1"]
[BlackElo "1170"]
[WhiteElo "1554"]
[LiveChessVersion "1.4.4"]

1. Nf3 {[%clk 1:30:56]} Nf6 {[%clk 1:30:55]} 2. d4 {[%clk 1:31:15]} d5
{[%clk 1:31:20]} 3. c4 {[%clk 1:31:38]} e6 {[%clk 1:31:44]} 4. Nc3
{[%clk 1:32:01]} Be7 {[%clk 1:32:02]} 5. Bf4 {[%clk 1:32:23]} O-O
{[%clk 1:31:28]} 6. e3 {[%clk 1:32:44]} dxc4 {[%clk 1:31:48]} 7. Bxc4
{[%clk 1:33:02]} a6 {[%clk 1:32:16]} 8. a4 {[%clk 1:33:01]} Nbd7 {[%clk 1:31:57]}
9. O-O {[%clk 1:33:06]} b6 {[%clk 1:31:28]} 10. Rc1 {[%clk 1:27:47]} Bb7
{[%clk 1:30:58]} 11. Qe2 {[%clk 1:27:15]} c6 {[%clk 1:29:21]} 12. Rfd1
{[%clk 1:20:59]} b5 {[%clk 1:28:03]} 13. Bd3 {[%clk 1:21:13]} Qb6
{[%clk 1:26:35]} 14. Ne5 {[%clk 1:13:05]} b4 {[%clk 1:23:01]} 15. Ne4
{[%clk 1:10:56]} Rfd8 {[%clk 1:16:39]} 16. Nc4 {[%clk 1:04:56]} Qa7
{[%clk 1:16:33]} 17. Na5 {[%clk 0:50:15]} Qb6 {[%clk 1:02:47]} 18. Nc4
{[%clk 0:45:48]} Qa7 {[%clk 1:03:06]} 19. Ned6 {[%clk 0:37:59]} c5
{[%clk 0:58:52]} 20. Nxb7 {[%clk 0:31:19]} Qxb7 {[%clk 0:58:54]} 21. Na5
{[%clk 0:21:50]} Qb6 {[%clk 0:58:30]} 22. Nb3 {[%clk 0:21:30]} a5
{[%clk 0:43:56]} 23. Rc2 {[%clk 0:16:34]} g6 {[%clk 0:29:08]} 24. Rdc1
{[%clk 0:16:32]} Rdc8 {[%clk 0:28:49]} 25. Bg5 {[%clk 0:15:49]} Qc6
{[%clk 0:27:20]} 26. Bb5 {[%clk 0:15:50]} Qd5 {[%clk 0:27:40]} 27. Bxf6
{[%clk 0:15:54]} Bxf6 {[%clk 0:27:08]} 28. Bxd7 {[%clk 0:15:34]} Qxd7
{[%clk 0:27:28]} 29. Nxc5 {[%clk 0:15:55]} Qd5 {[%clk 0:26:56]} 30. b3
{[%clk 0:15:26]} e5 {[%clk 0:26:10]} 31. Ne4 {[%clk 0:14:18]} Rxc2
{[%clk 0:25:41]} 32. Nxf6+ {[%clk 0:14:35]} Kg7 {[%clk 0:26:01]} 33. Qxc2
{[%clk 0:14:30]} Kxf6 {[%clk 0:25:42]} 34. Qc6+ {[%clk 0:12:47]} Qxc6
{[%clk 0:26:05]} 35. Rxc6+ {[%clk 0:13:12]} Kf5 {[%clk 0:26:09]} 36. Rc5
{[%clk 0:12:23]} Ke4 {[%clk 0:24:36]} 37. Rxe5+ {[%clk 0:11:20]} Kd3
{[%clk 0:24:52]} 38. Rc5 {[%clk 0:11:46]} Ra7 {[%clk 0:24:04]} 39. Kf1
{[%clk 0:11:56]} Kd2 {[%clk 0:24:51]} 40. d5 {[%clk 0:11:30]} f5 {[%clk 0:24:35]}
41. g4 {[%clk 0:10:54]} Kd3 {[%clk 0:24:12]} 42. gxf5 {[%clk 0:11:07]} gxf5
{[%clk 0:24:36]} 43. d6 {[%clk 0:09:00]} Rd7 {[%clk 0:24:00]} 44. Rd5+
{[%clk 0:07:54]} Kc3 {[%clk 0:24:15]} 45. Rxa5 {[%clk 0:08:04]} Kxb3
{[%clk 0:23:38]} 46. Ra6 {[%clk 0:07:13]} Ka2 {[%clk 0:23:24]} 47. Rb6
{[%clk 0:06:33]} b3 {[%clk 0:23:27]} 48. f3 {[%clk 0:06:50]} b2 {[%clk 0:23:18]}
49. e4 {[%clk 0:07:14]} b1=Q+ {[%clk 0:17:20]} 50. Rxb1 {[%clk 0:07:35]} Kxb1
{[%clk 0:17:45]} 51. e5 {[%clk 0:07:55]} Kc2 {[%clk 0:18:10]} 52. Ke2
{[%clk 0:08:18]} Kc3 {[%clk 0:18:34]} 53. Ke3 {[%clk 0:08:38]} Kc4
{[%clk 0:18:52]} 54. Kf4 {[%clk 0:09:00]} Kd5 {[%clk 0:18:43]} 55. Kxf5
{[%clk 0:07:34]} Rf7+ {[%clk 0:19:32]} 56. Kg4 {[%clk 0:07:19]} Kxe5
{[%clk 0:19:53]} 57. h4 {[%clk 0:07:42]} Kxd6 {[%clk 0:20:06]} 58. f4
{[%clk 0:08:04]} Kd5 {[%clk 0:20:20]} 59. Kg5 {[%clk 0:07:59]} Ke4
{[%clk 0:20:17]} 60. a5 {[%clk 0:08:21]} Rxf4 {[%clk 0:19:58]} 61. a6
{[%clk 0:08:13]} Ke5 {[%clk 0:19:40]} 62. h5 {[%clk 0:08:13]} Ra4
{[%clk 0:19:56]} 63. Kh6 {[%clk 0:08:32]} Rxa6+ {[%clk 0:20:10]} 64. Kxh7
{[%clk 0:08:53]} Kf5 {[%clk 0:20:28]} 65. h6 {[%clk 0:08:56]} Kg5
{[%clk 0:20:42]} 66. Kg7 {[%clk 0:09:20]} Rxh6 {[%clk 0:21:07]} 67. Kf7
{[%clk 0:09:45]} Ra6 {[%clk 0:21:28]} 68. Ke7 {[%clk 0:10:08]} Rh6
{[%clk 0:21:51]} 69. Kf7 {[%clk 0:10:31]} Ra6 {[%clk 0:22:13]} 70. Ke7
{[%clk 0:10:54]} Kf5 {[%clk 0:22:39]} 71. Kd7 {[%clk 0:11:18]} Ke5
{[%clk 0:23:01]} 72. Kc7 {[%clk 0:11:42]} Kd5 {[%clk 0:23:27]} 73. Kb7
{[%clk 0:12:06]} Rh6 {[%clk 0:23:52]} 74. Kc7 {[%clk 0:12:30]} Rg6
{[%clk 0:24:17]} 75. Kb7 {[%clk 0:12:54]} Kc5 {[%clk 0:24:12]} 76. Ka7
{[%clk 0:13:18]} Kb5 {[%clk 0:25:08]} 77. Kb7 {[%clk 0:13:38]} Rg7+
{[%clk 0:25:34]} 78. Kc8 {[%clk 0:13:56]} Kc6 {[%clk 0:25:48]} 79. Kd8
{[%clk 0:14:21]} Ra7 {[%clk 0:26:14]} 80. Ke8 {[%clk 0:14:43]} Kd6
{[%clk 0:26:40]} 81. Kf8 {[%clk 0:15:07]} Ke6 {[%clk 0:27:05]} 82. Kg8
{[%clk 0:15:32]} Kf6 {[%clk 0:27:32]} 83. Kh8 {[%clk 0:15:56]} Kg6
{[%clk 0:27:58]} 84. Kg8 {[%clk 0:16:18]} Ra8# {[%clk 0:27:54]} 0-1

[Event "PMPJ 2022 - C15"]
[Site "Jastrzebia Gora"]
[Date "2022.11.12"]
[Round "3.25"]
[White "Grzadka, Artur"]
[Black "Pachura, Mateusz"]
[Result "1-0"]
[BlackElo "1269"]
[WhiteElo "1687"]
[LiveChessVersion "1.4.4"]

1. d4 {[%clk 1:30:58]} Nf6 {[%clk 1:30:32]} 2. c4 {[%clk 1:31:22]} c5
{[%clk 1:30:19]} 3. d5 {[%clk 1:31:46]} e6 {[%clk 1:30:21]} 4. Nc3
{[%clk 1:32:10]} d6 {[%clk 1:29:25]} 5. e4 {[%clk 1:32:19]} exd5 {[%clk 1:29:44]}
6. cxd5 {[%clk 1:32:38]} g6 {[%clk 1:29:20]} 7. f4 {[%clk 1:32:49]} Nbd7
{[%clk 1:25:57]} 8. Nf3 {[%clk 1:30:28]} Nb6 {[%clk 1:24:43]} 9. Bd3
{[%clk 1:18:32]} Bg7 {[%clk 1:24:39]} 10. O-O {[%clk 1:17:42]} O-O
{[%clk 1:25:02]} 11. a4 {[%clk 1:17:56]} Bg4 {[%clk 1:23:58]} 12. h3
{[%clk 1:18:01]} Bxf3 {[%clk 1:24:20]} 13. Qxf3 {[%clk 1:18:21]} a6
{[%clk 1:23:36]} 14. Be3 {[%clk 1:18:22]} Re8 {[%clk 1:23:38]} 15. Bf2
{[%clk 1:18:24]} Rc8 {[%clk 1:23:01]} 16. Rfe1 {[%clk 1:18:03]} Nbd7
{[%clk 1:23:10]} 17. Re2 {[%clk 1:15:30]} h6 {[%clk 1:22:22]} 18. Rae1
{[%clk 1:15:39]} Nh7 {[%clk 1:22:16]} 19. Bg3 {[%clk 0:56:51]} g5
{[%clk 0:56:45]} 20. e5 {[%clk 0:53:39]} gxf4 {[%clk 0:56:23]} 21. e6
{[%clk 0:47:28]} fxe6 {[%clk 0:55:22]} 22. Bxh7+ {[%clk 0:26:42]} Kxh7
{[%clk 0:55:33]} 23. dxe6 {[%clk 0:24:23]} Ne5 {[%clk 0:55:35]} 24. Qe4+
{[%clk 0:24:37]} Kh8 {[%clk 0:55:50]} 25. Bxf4 {[%clk 0:22:49]} Rxe6
{[%clk 0:41:22]} 26. Qxb7 {[%clk 0:21:15]} Ra8 {[%clk 0:39:26]} 27. Nd5
{[%clk 0:18:31]} Rg6 {[%clk 0:38:00]} 28. Ne7 {[%clk 0:13:46]} Re6
{[%clk 0:34:38]} 29. Nf5 {[%clk 0:10:36]} Rg6 {[%clk 0:27:20]} 30. Nxd6
{[%clk 0:03:13]} Rxd6 {[%clk 0:24:39]} 31. Bxe5 {[%clk 0:03:25]} Bxe5
{[%clk 0:24:53]} 32. Rxe5 {[%clk 0:03:48]} Rd1 {[%clk 0:24:23]} 33. Qc6
{[%clk 0:02:26]} Rxe1+ {[%clk 0:24:01]} 34. Rxe1 {[%clk 0:02:51]} Qd4+
{[%clk 0:24:26]} 35. Kh1 {[%clk 0:03:15]} Rf8 {[%clk 0:24:48]} 36. Qxh6+
{[%clk 0:03:08]} Kg8 {[%clk 0:25:15]} 37. Qxa6 {[%clk 0:02:18]} Qxb2 38. Qc4+
{[%clk 0:02:17]} Kh8 {[%clk 0:25:08]} 39. Qxc5 {[%clk 0:02:19]} Rf6
{[%clk 0:25:03]} 40. Qc8+ {[%clk 0:02:12]} Kg7 {[%clk 0:25:20]} 41. Qc7+
{[%clk 0:02:28]} Kh6 {[%clk 0:25:20]} 42. Qe5 {[%clk 0:02:24]} Qb6
{[%clk 0:25:29]} 43. a5 {[%clk 0:02:46]} Qa6 {[%clk 0:25:48]} 44. Qe3+
{[%clk 0:02:21]} Kg6 {[%clk 0:26:00]} 45. Qe8+ {[%clk 0:02:33]} Kh6
{[%clk 0:26:23]} 46. Qe5 {[%clk 0:02:21]} Kg6 {[%clk 0:26:33]} 47. Kh2
{[%clk 0:01:48]} Kh7 {[%clk 0:26:44]} 48. Re4 {[%clk 0:01:57]} Rg6
{[%clk 0:26:15]} 49. Rh4+ {[%clk 0:02:15]} Kg8 {[%clk 0:26:43]} 50. Qh8+
{[%clk 0:02:24]} Kf7 {[%clk 0:27:02]} 51. Rf4+ {[%clk 0:02:35]} Ke7
{[%clk 0:25:48]} 52. Qf8+ {[%clk 0:02:52]} Kd7 {[%clk 0:25:47]} 53. Qf7+
{[%clk 0:03:00]} Kd8 {[%clk 0:26:03]} 54. Qf8+ {[%clk 0:02:49]} Kd7
{[%clk 0:26:24]} 55. Rf7+ {[%clk 0:03:16]} Ke6 {[%clk 0:26:47]} 56. Qe8+
{[%clk 0:03:45]} Kd5 {[%clk 0:26:48]} 57. Rf5+ {[%clk 0:03:27]} Kd4
{[%clk 0:26:57]} 58. Qa4+ {[%clk 0:03:48]} Ke3 {[%clk 0:27:07]} 59. Rf3+
{[%clk 0:04:12]} Ke2 {[%clk 0:27:26]} 60. Qc2+ {[%clk 0:04:17]} Ke1
{[%clk 0:27:48]} 61. Re3+ {[%clk 0:04:29]} Kf1 {[%clk 0:27:50]} 62. Qd1+
{[%clk 0:04:45]} Kf2 {[%clk 0:28:17]} 63. Qe1# {[%clk 0:05:10]} Rh6 1-0

[Event "PMPJ 2022 - C15"]
[Site "Jastrzebia Gora"]
[Date "2022.11.12"]
[Round "3.26"]
[White "Pieczulis, Hubert"]
[Black "Garwacki, Kornel"]
[Result "1-0"]
[BlackElo "1613"]
[WhiteElo "1412"]
[LiveChessVersion "1.4.4"]

1. d4 Nf6 2. c4 g6 3. Nc3 Bg7 4. e4 d6 5. f3 O-O 6. Be3 e5 7. d5 c6 8. Qd2 cxd5
9. cxd5 a5 10. Nge2 Na6 11. g4 Nc5 12. Ng3 Rb8 13. h4 Qe7 14. h5 Bd7 15. Bh6 b5
16. Bxg7 Kxg7 17. Nd1 b4 18. Ne3 a4 19. Bh3 Kh8 20. O-O-O Rfc8 21. Kb1 a3 22. b3
Ng8 23. hxg6 fxg6 24. Ng2 Nxb3 25. axb3 Rc3 26. Ka2 Rxf3 27. Nf1 Qf8 28. Qe1 Rc8
29. Nfe3 Rc3 30. Rd2 Bb5 31. g5 Qe7 32. Bg4 Rf8 33. Qh4 Qc7 34. Bd1 Rc1 35. Rc2
Rxc2+ 36. Bxc2 Rf7 37. Qe1 Qc5 38. Qd2 Rf3 39. Bd1 Rg3 40. Bg4 Qd4 41. Qf2 Rxg2
42. Qxg2 Qxe3 43. Be6 Bd3 44. Rh3 Qd4 45. Qh2 Bb1+ 46. Kxb1 a2+ 47. Kxa2 Qa7+ 48.
Kb1 Qe7 49. Rg3 Qf8 50. Rh3 Qe7 51. Qg2 Qa7 52. Rf3 Qd4 53. Rf8 1-0